The history and palæography of Mauryan Brāhmī script. (Record no. 63838)

MARC details
000 -LEADER
fixed length control field 00823cam a22002531 4500
001 - CONTROL NUMBER
control field sa 65004585
003 - CONTROL NUMBER IDENTIFIER
control field DLC
005 - DATE AND TIME OF LATEST TRANSACTION
control field 20260227112132.0
008 - FIXED-LENGTH DATA ELEMENTS--GENERAL INFORMATION
fixed length control field 781102s1960 ii 001 0 eng
010 ## - LIBRARY OF CONGRESS CONTROL NUMBER
LC control number sa 65004585
035 ## - SYSTEM CONTROL NUMBER
System control number (OCoLC)4342418
040 ## - CATALOGING SOURCE
Original cataloging agency DLC
Transcribing agency CSdS
Modifying agency DLC
042 ## - AUTHENTICATION CODE
Authentication code premarc
050 00 - LIBRARY OF CONGRESS CALL NUMBER
Classification number PK119
Item number .U6
100 1# - MAIN ENTRY--PERSONAL NAME
Personal name Upasak, Chandrika Singh.
245 14 - TITLE STATEMENT
Title The history and palæography of Mauryan Brāhmī script.
260 ## - PUBLICATION, DISTRIBUTION, ETC.
Place of publication, distribution, etc. Nālandā, India,
Name of publisher, distributor, etc. Nava Nālandā Mahāvihāra,
Date of publication, distribution, etc. 1960.
300 ## - PHYSICAL DESCRIPTION
Extent 344 p.
Dimensions 26 cm.
490 0# - SERIES STATEMENT
Series statement Nalanda Institute of Research and Post-graduate Studies in Buddhist Learning and Pali. Research publication
Volume/sequential designation v.3
502 ## - DISSERTATION NOTE
Dissertation note Thesis - University of London.
504 ## - BIBLIOGRAPHY, ETC. NOTE
Bibliography, etc. note Bibliography : p. [321]-326.
500 ## - GENERAL NOTE
General note Includes index.
650 #0 - SUBJECT ADDED ENTRY--TOPICAL TERM
Topical term or geographic name entry element Brahmi alphabet.

No items available.

Powered by Koha